| 000 | 00349nam a22001337a 4500 | ||
|---|---|---|---|
| 020 | _qPB. | ||
| 040 | _cFIZZA ISHAQ | ||
| 082 |
_a005.133 _bJON |
||
| 100 |
_aJACHY, JONATHAN. _986978 |
||
| 245 |
_aTHE WAY OF Z PRACTICAL PROGRAMS WITH METHODS / _cJONATHAN JACHY. |
||
| 260 |
_aNEW YORK : _bCAMBRIDGE, _c1997. |
||
| 300 | _a350 P. ; | ||
| 942 |
_2ddc _cBK |
||
| 999 |
_c587447 _d587447 |
||